Etiqueta de registo: 00254nam 2200025 450
001 2107115
003 http://id.bnportugal.gov.pt/bib/catbnp/2107115
010 ## $a978-989-9092-27-3
021 ## $aPT$b500015/22
100 ## $a20220804d2022 m y0pory01030103ba
101 0# $apor
102 ## $aPT
105 ## $aa z 000yy
106 ## $ar
200 1# $aChove nas grades$etemas, factos e circunstâncias das prisões portuguesas$fMiguel Alves
205 ## $a1ª ed
210 #9 $aLisboa [etc.]$cEsgotadas,$d2022
215 ## $a403, [2] p.$cil.$d23 cm
225 2# $aSaber$v41
675 ## $a343.81/.84(469)$vBN$zpor$31856365
700 #1 $95$aAlves,$bMiguel$31854399
801 #0 $aPT$bBN$gRPC
856 41 $uhttp://rnod.bnportugal.gov.pt/ImagesBN/winlibimg.aspx?skey=&doc=2107115&img=168102&save=true
900 ## $aBIBNAC$d20220922
966 ## $lBN$mFGMON$sS.C. 159355 V.$x1
971 ## $cfatima$d20220804
972 ## $e0$z0$d20220922$viquintas
973 ## $cmcarvalho$d20220823